Development of a thermal control system for earth observation 6U cubesat / (رقم التسجيلة. 179707)
[ عرض عادي ]
| 000 -LEADER | |
|---|---|
| fixed length control field | 03462namaa22004331i 4500 |
| 003 - CONTROL NUMBER IDENTIFIER | |
| control field | EG-GICUC |
| 005 - أخر تعامل مع التسجيلة | |
| control field | 20260423171532.0 |
| 008 - FIXED-LENGTH DATA ELEMENTS--GENERAL INFORMATION | |
| fixed length control field | 260423s2025 ua a|||frm||| 000 0 eng d |
| 040 ## - CATALOGING SOURCE | |
| Original cataloguing agency | EG-GICUC |
| Language of cataloging | eng |
| Transcribing agency | EG-GICUC |
| Modifying agency | EG-GICUC |
| Description conventions | rda |
| 041 0# - LANGUAGE CODE | |
| Language code of text/sound track or separate title | eng |
| Language code of summary or abstract | eng |
| -- | ara |
| 049 ## - Acquisition Source | |
| Acquisition Source | Deposit |
| 082 04 - DEWEY DECIMAL CLASSIFICATION NUMBER | |
| Classification number | 629.103 |
| 092 ## - LOCALLY ASSIGNED DEWEY CALL NUMBER (OCLC) | |
| Classification number | 629.103 |
| Edition number | 21 |
| 097 ## - Degree | |
| Degree | M.Sc |
| 099 ## - LOCAL FREE-TEXT CALL NUMBER (OCLC) | |
| Local Call Number | Cai01.13.01.M.Sc.2025.Ma.D |
| 100 0# - MAIN ENTRY--PERSONAL NAME | |
| Authority record control number or standard number | Mahmoud Mohamed Ali Bishr, |
| Preparation | preparation. |
| 245 10 - TITLE STATEMENT | |
| Title | Development of a thermal control system for earth observation 6U cubesat / |
| Statement of responsibility, etc. | by Mahmoud Mohamed Ali Bishr ; Supervisors Prof. Gamal M.El-Bayoumi, Prof. Osama S. Mohamady. |
| 246 15 - VARYING FORM OF TITLE | |
| Title proper/short title | تطوير نظام التحكم الحراري لقمر صناعي مكعب بحجم ست وحدات لمراقبة الارض |
| 264 #0 - PRODUCTION, PUBLICATION, DISTRIBUTION, MANUFACTURE, AND COPYRIGHT NOTICE | |
| Date of production, publication, distribution, manufacture, or copyright notice | 2025. |
| 300 ## - PHYSICAL DESCRIPTION | |
| Extent | 118 pages : |
| Other physical details | illustrations ; |
| Dimensions | 30 cm. + |
| Accompanying material | CD. |
| 336 ## - CONTENT TYPE | |
| Content type term | text |
| Source | rda content |
| 337 ## - MEDIA TYPE | |
| Media type term | Unmediated |
| Source | rdamedia |
| 338 ## - CARRIER TYPE | |
| Carrier type term | volume |
| Source | rdacarrier |
| 502 ## - DISSERTATION NOTE | |
| Dissertation note | Thesis (Ph.D)-Cairo University, 2025. |
| 504 ## - BIBLIOGRAPHY, ETC. NOTE | |
| Bibliography, etc. note | Bibliography: pages 93-96. |
| 520 #3 - SUMMARY, ETC. | |
| Summary, etc. | This thesis represents a design scheme for activities needed to successfully build and <br/>simulate a thermal control system for cube satellites. This project entails designing and <br/>tuning thermal controls for a satellite system that will execute an assumed mission of <br/>Earth observation. The satellite was configurated to be a 6U cube satellite. Miniaturizing <br/>satellites put constraints on subsystems designs and push for more effective passive <br/>design of satellites. Thermo-electric coolers were utilized to actively control component <br/>temperature. Numerical model was successfully validated. |
| 520 #3 - SUMMARY, ETC. | |
| Summary, etc. | تقدم هذه الرسالة خطة تصميم للأنشطة اللازمة لبناء ومحاكاة نظام التحكم الحراري لاقمار مكعبة الشكل بنجاح. يتضمن هذاالمشروع تصميم وضبط أنظمة التحكم الحراري لقمر صناعي و الذي سينفذ مهمة افتراضية لمراقبة الأرض. وقد تم تكوين القمر الصناعي ليكون قمرًا مكعبًا بحجم ست وحدات. إن تصغير حجم الأقمار الصناعية يفرض قيودًا على تصميم الأنظمة الثانوية، ويستدعي اعتماد تصاميم غير نشطة أكثر كفاءة. في حالة هذا البحث تم استخدام مبردات حرارية كهربائية للتحكم في درجات حرارة المكونات بشكل نشط. تم تنفيذ عملية تحقق من صحة النمذجة الحسابية لتأكيد دقة وقوة نموذج الحل الرقمي و التي اظهرت نتائج ايجابية. |
| 530 ## - ADDITIONAL PHYSICAL FORM AVAILABLE NOTE | |
| Issues CD | Issues also as CD. |
| 546 ## - LANGUAGE NOTE | |
| Text Language | Text in English and abstract in Arabic & English. |
| 650 #0 - SUBJECT ADDED ENTRY--TOPICAL TERM | |
| Topical term or geographic name entry element | Aerospace Engineering |
| 650 #0 - SUBJECT ADDED ENTRY--TOPICAL TERM | |
| Topical term or geographic name entry element | طيران و فضاء |
| 653 #1 - INDEX TERM--UNCONTROLLED | |
| Uncontrolled term | Thermal control |
| -- | Cube satellites |
| -- | Passive control |
| -- | Monte Carlo |
| -- | MIMO |
| -- | التحكم الحراري |
| -- | الاقمار الصناعية المكعبة |
| 700 0# - ADDED ENTRY--PERSONAL NAME | |
| Personal name | Gamal M.El-Bayoumi |
| Relator term | thesis advisor. |
| 700 0# - ADDED ENTRY--PERSONAL NAME | |
| Personal name | Osama S. Mohamady |
| 900 ## - Thesis Information | |
| Grant date | 01-01-2025. |
| Supervisory body | Gamal M.El-Bayoumi |
| -- | Osama S. Mohamady |
| Discussion body | Ahmed Ali Abouelsoud |
| Universities | Cairo University |
| Faculties | Faculty of Engineering |
| Department | Department of Aerospace Engineering |
| 905 ## - Cataloger and Reviser Names | |
| Cataloger Name | Shimaa |
| 942 ## - ADDED ENTRY ELEMENTS (KOHA) | |
| Source of classification or shelving scheme | Dewey Decimal Classification |
| Koha item type | Thesis |
| Edition | 21 |
| Suppress in OPAC | No |
| Source of classification or shelving scheme | Home library | Current library | Date acquired | Inventory number | Full call number | Barcode | Date last seen | Effective from | Koha item type |
|---|---|---|---|---|---|---|---|---|---|
| Dewey Decimal Classification | المكتبة المركزبة الجديدة - جامعة القاهرة | قاعة الرسائل الجامعية - الدور الاول | 23.04.2026 | 93868 | Cai01.13.01.M.Sc.2025.Ma.D | 01010110093868000 | 23.04.2026 | 23.04.2026 | Thesis |